000 00601nam a2200181Ia 4500
008 100920s9999 xx 000 0 und d
082 _b62250
_a61 थ 66
100 _aकर्णिक मधुमंगेश.
245 _aसूर्यफूल.
260 _bमॅजेस्टिक बुक स्टॉल, मुंबई.
_c1966
300 _a113
_bसाधी
365 _b4
520 _aस्थानिक वाचन.
630 _aसूर्यफूल.
650 _aस्थानिक वाचन.
730 _aसूर्यफूल.
942 _cBOOK
999 _c705388
_d705385